Survey log of on equator (Record no. 4244)

000 -LEADER
fixed length control field 00381nam a22001337a 4500
008 - FIXED-LENGTH DATA ELEMENTS--GENERAL INFORMATION
fixed length control field 200728b ||||| |||| 00| 0 eng d
110 ## - MAIN ENTRY--CORPORATE NAME
9 (RLIN) 1706
Corporate name or jurisdiction name as entry element Anglo French Limited Services
245 10 - TITLE STATEMENT
Title Survey log of on equator
260 ## - PUBLICATION, DISTRIBUTION, ETC. (IMPRINT)
Place of publication, distribution, etc London
Name of publisher, distributor, etc Anglo French Limited Services
Date of publication, distribution, etc 1950
300 ## - PHYSICAL DESCRIPTION
Extent 150 p.
365 ## - TRADE PRICE
Unit of pricing 9.06
650 #0 - SUBJECT ADDED ENTRY--TOPICAL TERM
Topical term or geographic name as entry element Survival
942 ## - ADDED ENTRY ELEMENTS (KOHA)
Item type Books
Holdings
Withdrawn status Lost status Source of classification or shelving scheme Damaged status Not for loan Permanent location Current location Date acquired Source of acquisition Barcode Date last seen Koha item type
  Lost       IMU Kolkata IMU Kolkata 1953-03-18 E. W. Steves & Co 01754 2020-07-28 Books
Designed and Maintained by IMU-KC Library, Kolkata Campus © Copyright All Rights Reserved

webs counters

Powered by Koha